The 'R' Quiz - General Knowledge - Statistics

General Stats
  • This quiz has been taken 74 times
  • The average score is 12 of 20
Answer Stats
Hint Answer % Correct
2) Bucharest is the capital of this country? Romania
97%
3) The only country in Africa beginning with 'R'? Rwanda
95%
6) Rising in Switzerland, what is the longest river in Germany? Rhine
91%
7) 1642 Painted 'The Night Watch', the greatest Dutch painter of his age? Rembrandt
86%
12) One of the most famous of all Baseball players is Babe ****? Ruth
86%
15) (Corvus corax) this bird is associated with the 'Tower of London' and a poem by E.A. Poe? Raven
84%
18) Rhea bore twins, fathered by the war god Mars, reared by a wolf were 'Remus' and '*******'? Romulus
84%
5) Which is the only State of USA that begins with 'R'? Rhode Island
83%
17) Which country borders both the Ukraine and Georgia? Russia
78%
4) 'Bolero' is one of the best known and loved music pieces by J. Maurice '*****'? Ravel
60%
9) This Animal's name is derived from the Ancient Greek 'ris' for nose and 'keras' for animal horn? Rhinoceros
60%
16) A woodwind instrument that has become useful in teaching children to play? Recorder
59%
10) Because of their short, all over hair cuts, what were Cromwell's forces called? Roundheads
50%
1) He sponsored the first attempt to found a permanent English settlement in the New World? Raleigh
43%
8) Capital of the Caribbean country Dominica? Roseau
41%
11) Created a new discipline 'Nuclear Physics', Nobel Prize winner 1908, 'Ernest **********? Rutherford
40%
20) What is 'R' in the NATO phonetic alphabet ? Romeo
38%
19) The basic monetary unit of Indonesia is the ******* ? Rupiah
28%
14) A tropical fruit, red spiky-hair skin, white fruit inside, sweet and related to Lychee is the ? Rambutan
17%
13) Beta Orionis is the brightest star in the Orion constellation, and is known as what? Rigel
14%
No matching quizzes found
Score Distribution
Percent of People with Each Score
Percentile by Number Answered
Your Score History
You have not taken this quiz